000 00341nam a2200133 i 4500
001 bg
100 1 _aSZPUNAR, Adam
245 0 _aWynagrodzenie szkody wynikłej wskutek wypadku komunikacyjnego /
_cAdam Szpunar.
260 _aWarszawa,
_c1976.
040 _cBPK
041 _apol
942 _cKS
008 s pl f |000 0 pol
999 _c27322
_d27322
856 _uhttp://koha.tu.koszalin.pl/cgi-bin/koha/opac-detail.pl?biblionumber=27322
_yKatalog online BPK